000 00786npm a2200229 i 4500
001 5243
003 ES-MaACL
005 20251011063047.0
007 hzrazu bucu
008 900425r19901644sp a 00010 spa d
080 _a9(460)"16"
080 _a9(469)"16"
100 0 _aSeyner, Antonio,
_c(O.S.A.)
_9105963
245 1 0 _aHistoria del levantamiento de Portvgal
_b: [Microforma] /
_cpor Antonio Seyner.
260 _aMadrid :
_bAteneo Cientifico, Literario y Artistico,
_c1990.
300 _a1 carrete de microfilme :
_bnegativo ;
_c16 mm.
500 _aPublicado originalmente: Zaragoza, Pedro de Lanaja y Lamarca, 1644.
650 1 4 _aObras anteriores a 1800.
_915661
852 _aES-MaACL
_jMC-386
_95360
942 _2udc
_cMICROFORMA
999 _c5243
_d5243